Rap fr albums communs - Statistiques

Statistiques générales
  • Ce quiz a été pris 87 fois
  • Le résultat moyen est 2 sur 7
Statistiques - réponses
Artistes Album % Correct
Vald, Heuss l'enfoiré Horizon Vertical
80%
Kaaris, Kalash Criminel SVR
66%
Nekfeu, Alpha Wann En sous-marin
35%
Ol Kainry, Dany Dan Ol Kainry & Dany Dan
14%
Edge, Ratu$ En lessguill
8%
Guizmo, Despo Rutti, Mokless Jamais 2 sans 3
7%
Seth Gueko, Alkpote, Zekwe Ramo Néochrome Hall Stars Game
1%
Aucun quiz correspondant
Distribution des résultats
% des personnes avec chaque résultat
Percentile par nombre de réponses
Votre historique - résultats
Vous n’avez pas pris ce quiz